000
00242nam a2200097Ia 4500
001
1040474
005
20250826232023.0
008
250824s9999 xx 000 0 und d
245
0
_a
KIYAMET MEVSİMLERİ
_c
ALİ EMRE
260
_b
KETEBE YAYINLARI
999
_c
1040474
_d
1040474